Estado general de todo el Virreynato de Santafé de Bogotá : (Registro nro. 15370)
[ vista simple ]
| 000 -LEADER | |
|---|---|
| fixed length control field | 01165nam a22002537a 4500 |
| 003 - CONTROL NUMBER IDENTIFIER | |
| control field | OSt |
| 005 - DATE AND TIME OF LATEST TRANSACTION | |
| control field | 20210315101144.0 |
| 008 - FIXED-LENGTH DATA ELEMENTS--GENERAL INFORMATION | |
| fixed length control field | 210315s1974 ck a|||gr|||| 00| 0 spa d |
| 020 ## - INTERNATIONAL STANDARD BOOK NUMBER | |
| International Standard Book Number | 9789586642606 |
| 040 ## - CATALOGING SOURCE | |
| Original cataloging agency | CO-JMCR |
| Transcribing agency | CO-JMCR |
| 041 0# - LANGUAGE CODE | |
| Language code of text/sound track or separate title | spa |
| 082 04 - DEWEY DECIMAL CLASSIFICATION NUMBER | |
| Classification number | 986.102 / |
| Item number | D963e |
| Edition number | 23 |
| 100 1# - MAIN ENTRY--PERSONAL NAME | |
| Personal name | Durán y Díaz, Joaquín, |
| Relator term | autor |
| 9 (RLIN) | 36071 |
| 245 10 - TITLE STATEMENT | |
| Title | Estado general de todo el Virreynato de Santafé de Bogotá : |
| Remainder of title | valores de las reales rentas, empleados, sueldos, exercito, y otras noticias curiosas que dan una idea de su población y comercio : en el presente año de 1794 / |
| Statement of responsibility, etc. | lo da a luz Don Joaquín Duran y Diaz ; prólogo Malcolm Deas |
| 260 ## - PUBLICATION, DISTRIBUTION, ETC. | |
| Place of publication, distribution, etc. | Bogotá : |
| Name of publisher, distributor, etc. | Banco de la República, |
| Date of publication, distribution, etc. | 1974 |
| 300 ## - PHYSICAL DESCRIPTION | |
| Extent | ix, [11] páginas plegadas, 482 páginas : |
| Other physical details | ilustraciones a blanco y negro; |
| Dimensions | 16 cm. |
| 490 0# - SERIES STATEMENT | |
| Series statement | Archivo de la Economía Nacional. Colección Bicentenario |
| 500 ## - GENERAL NOTE | |
| General note | Incluye notas a pie de página. |
| 650 14 - SUBJECT ADDED ENTRY--TOPICAL TERM | |
| Topical term or geographic name entry element | Virreinato del Nuevo Reino de Granada |
| Chronological subdivision | 1739-1810 |
| 9 (RLIN) | 36072 |
| 651 #4 - SUBJECT ADDED ENTRY--GEOGRAPHIC NAME | |
| Geographic name | Colombia |
| General subdivision | Historia |
| Chronological subdivision | 1794 |
| 9 (RLIN) | 36073 |
| 651 #4 - SUBJECT ADDED ENTRY--GEOGRAPHIC NAME | |
| Geographic name | Colombia |
| General subdivision | Comercio |
| Chronological subdivision | 1794 |
| 9 (RLIN) | 36074 |
| 700 1# - ADDED ENTRY--PERSONAL NAME | |
| Personal name | Deas, Malcolm, |
| Relator term | prologuista |
| 9 (RLIN) | 3252 |
| 942 ## - ADDED ENTRY ELEMENTS (KOHA) | |
| Source of classification or shelving scheme | Dewey Decimal Classification |
| Koha item type | Books |
| Withdrawn status | Lost status | Source of classification or shelving scheme | Damaged status | Not for loan | Collection code | Home library | Current library | Date acquired | Source of acquisition | Total Checkouts | Full call number | Barcode | Date last seen | Copy number | Price effective from | Koha item type |
|---|---|---|---|---|---|---|---|---|---|---|---|---|---|---|---|---|
| Dewey Decimal Classification | Non-fiction | Biblioteca Pública José María del Castillo y Rada | Biblioteca Pública José María del Castillo y Rada | 10/02/2020 | Donación | 986.102 / D963e | 201810804 | 05/16/2024 | Ej.1 | 03/15/2021 | Books |